Risk (Lyrics)- Gracie Abram - Statistics

General Stats
  • This quiz has been taken 96 times
  • The average score is 370 of 431
Answer Stats
Answer % Correct
I
100%
"I
100%
it
100%
a
98%
I'm
98%
you
98%
You
98%
you"
98%
and
96%
And
96%
risk
96%
take
96%
the
96%
but
95%
But
95%
do
95%
gonna
95%
No
95%
thi
95%
be
93%
me
93%
to
93%
actually
91%
in
91%
In
91%
not
91%
this
91%
your
91%
you're
91%
You're
91%
invested
89%
is
89%
It's
89%
it's
89%
Said
89%
even
88%
God
88%
Haven't
88%
haven't
88%
here
88%
met
88%
at
86%
deep
86%
die
86%
drowning
86%
end
86%
right
86%
thing
86%
wrong
86%
wrong?
86%
could
84%
fun
84%
Look
84%
my
84%
of
84%
swim
84%
Watch
84%
wouldn't
84%
feel
82%
like
82%
love
82%
now
82%
that
82%
wake
82%
when
82%
classic
81%
didn't
81%
him
81%
middle
81%
night
81%
out
81%
up
81%
'Cause
79%
don't
79%
Heard
79%
jumpin'
79%
more
79%
down
77%
Know
77%
work
77%
girl
75%
had
75%
house
75%
With
75%
can
74%
move
74%
bought
72%
on
72%
think
72%
Think
72%
just
70%
light
70%
soon
70%
tell
70%
Too
70%
yeah
70%
I'll
68%
probably
68%
stare
68%
talk
68%
wanna
68%
wish
68%
Wish
68%
you'll
68%
bend
67%
hold
67%
kidding
67%
mouth
67%
thinkin'
67%
bad
65%
break
65%
find
65%
hunted
65%
Isn't
65%
mistake
65%
scared
65%
Why
65%
car
63%
sweet
63%
'til
63%
was
63%
aren't
61%
bedroom?
61%
can't
61%
door
61%
head
61%
want
61%
yet
61%
by
60%
comin'
60%
hate
60%
proud
60%
shootin'
60%
touched
60%
favorite
58%
really
58%
speak
58%
get
56%
been
54%
Hopelessly
54%
someone
54%
damn
53%
Guess
53%
Holding
53%
well
53%
breath
51%
Knowing
51%
without
44%
shakin'
42%
boring
35%
No matching quizzes found
Score Distribution
Percent of People with Each Score
Percentile by Number Answered
Your Score History
You have not taken this quiz